Kodovník najčastejšie zisťovaných nedostatkov technických zariadení

Gespeichert in:
Bibliographische Detailangaben
Format: Schriftenreihe
Sprache:Slowakisch
Veröffentlicht: Bratislava : Verlag Dashöfer, 2012
Tags: Tag hinzufügen
Keine Tags, Fügen Sie das erste Tag hinzu!

MARC

LEADER 00000nas a22000003a 4500
001 stu241405
005 20150408164955.9
008 120109s2012----xo------------------slo-d
040 |a STU  |b slo 
041 0 |a slo 
044 |a xo 
245 |a Kodovník najčastejšie zisťovaných nedostatkov technických zariadení 
260 |a Bratislava :  |b Verlag Dashöfer,  |c 2012 
300 |a 1 CD-ROM 
996 |b 284M080597  |c M*CD-2064  |l MMKN  |s A  |a 24  |w stu241405_0001